[Event "EYCC 2017"]
[Site "Mamaia"]
[Date "2017.09.05"]
[Round "1"]
[White "Friedland, Moshe"]
[Black "Vykouk, Jan"]
[Result "1/2-1/2"]
[WhiteElo "2264"]
[BlackElo "2431"]
[Annotator "TA"]
[PlyCount "106"]
[EventDate "2017.??.??"]
[EventType "swiss"]
[EventCountry "ROU"]
[SourceTitle "playchess.com"]
[Source "ChessBase"]
[SourceQuality "1"]

1. e4 c5 2. Nf3 d6 3. d4 cxd4 4. Nxd4 Nf6 5. Nc3 a6 6. Bc4 e6 7. a4 Qc7 8. Qe2 Be7 9. O-O Nc6 10. Be3 Ne5 11. Bd3 Bd7 12. Rae1 Rc8 13. Kh1 Nc4 14. Bc1 Qc5 15. Nb3 Qb4 16. f4 O-O 17. e5 Ne8 18. Qh5 g6 19. Qh6 f5 20. exf6 Bxf6 21. Ne4 Bg7 22. Qh4 Bf6 23. Qh6 Ng7 24. Bxc4 Qxc4 25. Nxd6 Qxc2 26. Nxc8 Qxb3 27. Nd6 Be7 28. Ne4 Nf5 29. Qh3 Qxh3 30. gxh3 Bh4 31. Re2 Bxa4 32. Nc3 Bc6+ 33. Kg1 Bd8 34. Rd1 Bb6+ 35. Kf1 Nd4 36. Ree1 Nf3 37. Rxe6 Nxh2+ 38. Ke1 Nf3+ 39. Kf1 Nd4 40. Rd6 Nf5 41. Re6 Nd4 42. Rd6 Nb3 43. Nd5 Bb5+ 44. Kg2 Bc5 45. Re6 Bc6 46. Be3 Bxe3 47. Rxe3 Rd8 48. Re5 Kf7 49. Kg3 Nc5 50. Nc3 Ne4+ 51. Kh2 Nd2 52. Re2 Nf3+ 53. Kg3 Nd4 1/2-1/2

[Event "EYCC 2017"]
[Site "Mamaia"]
[Date "2017.09.05"]
[Round "1"]
[White "Antova, Gabriela"]
[Black "Gillis Onieva, Celia"]
[Result "1/2-1/2"]
[WhiteElo "2256"]
[BlackElo "2032"]
[Annotator "TA"]
[PlyCount "72"]
[EventDate "2017.??.??"]
[EventType "swiss"]
[EventCountry "ROU"]
[SourceTitle "playchess.com"]
[Source "ChessBase"]
[SourceQuality "1"]

1. d4 Nf6 2. c4 e6 3. Nf3 c5 4. d5 exd5 5. cxd5 d6 6. Nc3 g6 7. Bf4 a6 8. a4 Bg7 9. h3 O-O 10. e3 Qe7 11. Be2 Nbd7 12. O-O Ne8 13. Nd2 Ne5 14. Qc2 f5 15. Rae1 b6 16. Bg3 Nf6 17. e4 Nxe4 18. Ndxe4 fxe4 19. Nxe4 Qd8 20. f4 Nf7 21. Bd3 Nh6 22. Ng5 Nf5 23. Bxf5 Bxf5 24. Qd2 Qf6 25. Ne6 Qxb2 26. Qxb2 Bxb2 27. Nxf8 Kxf8 28. Bh4 Re8 29. Rxe8+ Kxe8 30. Re1+ Kd7 31. g4 Bd3 32. Re7+ Kc8 33. Re8+ Kd7 34. Re7+ Kc8 35. Re8+ Kd7 36. Re7+ Kc8 1/2-1/2

[Event "EYCC 2017"]
[Site "Mamaia"]
[Date "2017.09.05"]
[Round "1"]
[White "Diakonova, Ekaterina"]
[Black "Dwilewicz, Katarzyna"]
[Result "0-1"]
[WhiteElo "2255"]
[BlackElo "1915"]
[Annotator "TA"]
[PlyCount "90"]
[EventDate "2017.??.??"]
[EventType "swiss"]
[EventCountry "ROU"]
[SourceTitle "playchess.com"]
[Source "ChessBase"]
[SourceQuality "1"]

1. e4 e5 2. Nf3 Nc6 3. Bb5 a6 4. Bxc6 dxc6 5. O-O Qd6 6. d3 Bg4 7. Be3 Ne7 8. Nbd2 f6 9. Nc4 Qe6 10. a4 h5 11. Re1 g5 12. h3 Bxf3 13. Qxf3 Ng6 14. Qf5 Qf7 15. g3 Ne7 16. Qf3 Qe6 17. Kg2 O-O-O 18. b4 Bg7 19. Bc5 g4 20. hxg4 hxg4 21. Qe2 Ng6 22. Ne3 b6 23. Nf5 Rdg8 24. Be3 Bf8 25. d4 Kb7 26. b5 cxb5 27. axb5 a5 28. d5 Qd7 29. c4 Bd6 30. Reb1 Nf4+ 31. gxf4 exf4 32. Bxf4 Bxf4 33. Rh1 Rh3 34. c5 Qh7 35. c6+ Kb8 36. Qd1 Rh2+ 37. Rxh2 Qxh2+ 38. Kf1 Qh1+ 39. Ke2 Qxe4+ 40. Ne3 g3 41. Ra4 Qe5 42. d6 Qb2+ 43. Qc2 Qxc2+ 44. Nxc2 g2 45. Ra1 Bxd6 0-1

[Event "EYCC 2017"]
[Site "Mamaia"]
[Date "2017.09.05"]
[Round "1"]
[White "Georgescu, Lena"]
[Black "Janiashvili, Mariami"]
[Result "1/2-1/2"]
[WhiteElo "2246"]
[BlackElo "1875"]
[Annotator "TA"]
[PlyCount "78"]
[EventDate "2017.??.??"]
[EventType "swiss"]
[EventCountry "ROU"]
[SourceTitle "playchess.com"]
[Source "ChessBase"]
[SourceQuality "1"]

1. e4 d5 2. exd5 Qxd5 3. Nf3 Nf6 4. d4 Bg4 5. Be2 e6 6. O-O Be7 7. c4 Qd6 8. Nc3 c6 9. g3 Qc7 10. d5 O-O 11. Qb3 exd5 12. cxd5 Nxd5 13. Nxd5 cxd5 14. Be3 Nc6 15. Qxd5 Bf6 16. Qc4 Be6 17. Qc2 Rac8 18. Bd3 Ne5 19. Qxc7 Nxf3+ 20. Kg2 Nh4+ 21. gxh4 Rxc7 22. Bxa7 Bd5+ 23. f3 Bxb2 24. Rad1 Ra8 25. Bb1 Bc4 26. Rfe1 g6 27. Bb6 Rc6 28. Bf2 Be6 29. Re2 Bf6 30. Be4 Rca6 31. Bxb7 Rxa2 32. Rdd2 Rxd2 33. Rxd2 Rb8 34. Be4 h5 35. Bg3 Rb4 36. Bd6 Ra4 37. Kg3 Ra1 38. Bc5 Bc4 39. Bd4 Bxd4 1/2-1/2

[Event "EYCC 2017"]
[Site "Mamaia"]
[Date "2017.09.05"]
[Round "1"]
[White "Can, Isik"]
[Black "Djurovic, Peko"]
[Result "1-0"]
[WhiteElo "2239"]
[BlackElo "1765"]
[Annotator "TA"]
[PlyCount "73"]
[EventDate "2017.??.??"]
[EventType "swiss"]
[EventCountry "ROU"]
[SourceTitle "playchess.com"]
[Source "ChessBase"]
[SourceQuality "1"]

1. e4 c5 2. Nf3 Nc6 3. d4 cxd4 4. Nxd4 Nf6 5. Nc3 e5 6. Ndb5 d6 7. Bg5 a6 8. Na3 b5 9. Bxf6 gxf6 10. Nd5 Bg7 11. Bd3 Be6 12. O-O f5 13. Qh5 h6 14. c4 bxc4 15. Nxc4 O-O 16. Nce3 fxe4 17. Bxe4 Qg5 18. Qxg5 hxg5 19. Nc7 Rac8 20. Nxa6 f5 21. Bd5 Kf7 22. Rfd1 Nd4 23. Nb4 Rc5 24. Rd2 f4 25. Bxe6+ Kxe6 26. Nec2 Nf5 27. Rad1 Rfc8 28. f3 d5 29. Re1 Nd6 30. Nd4+ Kf7 31. Nb3 Rb5 32. Nxd5 Nc4 33. Rc2 Ke6 34. Nd4+ Kxd5 35. Nxb5 Rb8 36. Rd1+ Ke6 37. Nc7+ 1-0

[Event "EYCC 2017"]
[Site "Mamaia"]
[Date "2017.09.05"]
[Round "1"]
[White "Tomasi, Albert"]
[Black "Dabic, Stjepan"]
[Result "1-0"]
[WhiteElo "2229"]
[BlackElo "1881"]
[Annotator "TA"]
[PlyCount "69"]
[EventDate "2017.??.??"]
[EventType "swiss"]
[EventCountry "ROU"]
[SourceTitle "playchess.com"]
[Source "ChessBase"]
[SourceQuality "1"]

1. e4 c5 2. Nf3 d6 3. d4 cxd4 4. Nxd4 Nf6 5. Nc3 g6 6. Be3 Bg7 7. f3 O-O 8. Qd2 Nc6 9. g4 Be6 10. Nxe6 fxe6 11. O-O-O Ne5 12. Be2 Qc8 13. Rhe1 Nfd7 14. f4 Nc4 15. Bxc4 Qxc4 16. e5 d5 17. Kb1 Rac8 18. Ne2 a5 19. h4 Qa6 20. h5 g5 21. Nd4 Nc5 22. h6 Bh8 23. f5 exf5 24. Nxf5 e6 25. Bxc5 Rxf5 26. gxf5 Rxc5 27. Qxg5+ Kf7 28. fxe6+ Qxe6 29. Qd8 Bxe5 30. Rxe5 Qxe5 31. Qd7+ Kg6 32. Rg1+ Kxh6 33. Qh3+ Qh5 34. Qe3+ Qg5 35. Qxg5# 1-0

[Event "EYCC 2017"]
[Site "Mamaia"]
[Date "2017.09.05"]
[Round "1"]
[White "Cvitan, Ena"]
[Black "Koehler, Inken"]
[Result "0-1"]
[WhiteElo "2224"]
[BlackElo "1893"]
[Annotator "TA"]
[PlyCount "96"]
[EventDate "2017.??.??"]
[EventType "swiss"]
[EventCountry "ROU"]
[SourceTitle "playchess.com"]
[Source "ChessBase"]
[SourceQuality "1"]

1. d4 Nf6 2. c4 e6 3. Nc3 c5 4. e3 cxd4 5. exd4 d5 6. Nf3 Nc6 7. c5 Be7 8. Bb5 O-O 9. Bf4 Qa5 10. O-O Bd7 11. Qd2 Nb4 12. Be2 Nc6 13. Rfb1 Ne4 14. Nxe4 dxe4 15. Qxa5 Nxa5 16. Ne5 Rfd8 17. b4 Nc6 18. Nxc6 Bxc6 19. b5 Bd5 20. a4 Bf6 21. Rb4 Rac8 22. Rd1 Be7 23. Rbb1 f6 24. Bd2 Kf7 25. Ba5 Rd7 26. Rd2 f5 27. b6 a6 28. Bb4 Bg5 29. Rdd1 Bc6 30. Bc4 Bxa4 31. d5 Ke8 32. Rd4 e5 33. Rdd1 Bxd1 34. Rxd1 e3 35. Re1 exf2+ 36. Kxf2 e4 37. c6 bxc6 38. Bxa6 Rb8 39. dxc6 Rxb6 40. cxd7+ Kxd7 41. Rd1+ Ke8 42. Bc8 Rxb4 43. Bxf5 e3+ 44. Ke1 Rb2 45. Be4 Be7 46. Bf3 Bb4+ 47. Kf1 Rf2+ 48. Kg1 Rxf3 0-1

[Event "EYCC 2017"]
[Site "Mamaia"]
[Date "2017.09.05"]
[Round "1"]
[White "Antolak, Julia"]
[Black "Semonaviciute, Agne"]
[Result "1/2-1/2"]
[WhiteElo "2204"]
[BlackElo "1854"]
[Annotator "TA"]
[PlyCount "81"]
[EventDate "2017.??.??"]
[EventType "swiss"]
[EventCountry "ROU"]
[SourceTitle "playchess.com"]
[Source "ChessBase"]
[SourceQuality "1"]

1. e4 d6 2. d4 Nf6 3. Nc3 g6 4. f4 a6 5. Nf3 b5 6. a3 Bb7 7. Bd3 Nbd7 8. O-O Bg7 9. Qe1 O-O 10. f5 c5 11. e5 dxe5 12. dxe5 Ng4 13. Bf4 Bxf3 14. gxf3 Ngxe5 15. Be4 Ra7 16. Qg3 e6 17. fxe6 fxe6 18. Rae1 Nf7 19. Bc6 Bd4+ 20. Kh1 e5 21. Bc1 Nf6 22. Ne2 Rc7 23. Be4 Nd6 24. Nxd4 exd4 25. Bg5 Nfxe4 26. fxe4 Rxf1+ 27. Rxf1 Qd7 28. Qf4 Qf7 29. Bf6 Ne8 30. e5 Qd5+ 31. Kg1 Rf7 32. Rf2 Qe6 33. Qf3 Nc7 34. h4 Nd5 35. h5 Ne3 36. hxg6 Ra7 37. g7 Qg4+ 38. Qxg4 Nxg4 39. Rf4 Ne3 40. Rf2 Ng4 41. Rf4 1/2-1/2

[Event "EYCC 2017"]
[Site "Mamaia"]
[Date "2017.09.05"]
[Round "1"]
[White "Sliwicka, Alicja"]
[Black "Conti, Anne-Marie"]
[Result "1-0"]
[WhiteElo "2204"]
[BlackElo "1887"]
[Annotator "TA"]
[PlyCount "97"]
[EventDate "2017.??.??"]
[EventType "swiss"]
[EventCountry "ROU"]
[SourceTitle "playchess.com"]
[Source "ChessBase"]
[SourceQuality "1"]

1. e4 c6 2. d4 d5 3. e5 g6 4. Nf3 Bg7 5. c4 Bg4 6. Nc3 dxc4 7. Bxc4 e6 8. Ne4 Bf8 9. O-O Nd7 10. Bg5 Qc7 11. h3 Bf5 12. Ng3 h6 13. Nxf5 hxg5 14. Ng3 Be7 15. Qd2 O-O-O 16. Rfd1 Nh6 17. b4 g4 18. hxg4 Nxg4 19. Qf4 Nh6 20. b5 Nb6 21. Bb3 Nf5 22. bxc6 bxc6 23. Rac1 g5 24. Qe4 Nxg3 25. fxg3 Kb7 26. Rc2 Qd7 27. g4 Rc8 28. Qe1 Rc7 29. a4 a5 30. Qxa5 Ra8 31. Qd2 Nxa4 32. Nxg5 Bxg5 33. Qxg5 Nb6 34. Rb2 Ra1 35. Qd2 Rxd1+ 36. Bxd1 Qd8 37. Bf3 Rd7 38. Qc3 Qc7 39. Qc5 Rd8 40. Kf2 Ra8 41. Rc2 Rc8 42. Ke3 Nd7 43. Qe7 Nb8 44. Rb2+ Ka8 45. Qa3+ Qa7 46. Qb3 Rc7 47. Ra2 Na6 48. Qc4 Kb7 49. Be2 1-0

[Event "EYCC 2017"]
[Site "Mamaia"]
[Date "2017.09.05"]
[Round "1"]
[White "Antonica, Dragos-Andrei"]
[Black "Voicu, Teodor-Mihnea"]
[Result "1-0"]
[WhiteElo "2193"]
[BlackElo "1659"]
[Annotator "TA"]
[PlyCount "93"]
[EventDate "2017.??.??"]
[EventType "swiss"]
[EventCountry "ROU"]
[SourceTitle "playchess.com"]
[Source "ChessBase"]
[SourceQuality "1"]

1. d4 d5 2. Nf3 Nf6 3. e3 e6 4. b3 Be7 5. Bb2 O-O 6. Bd3 Nbd7 7. O-O c5 8. c4 b6 9. Nc3 Bb7 10. Rc1 Rc8 11. Ne5 dxc4 12. Bxc4 Nxe5 13. dxe5 Ne8 14. Qg4 Nc7 15. Rfd1 Qe8 16. Ne4 Bxe4 17. Qxe4 Rd8 18. Qb7 Rxd1+ 19. Rxd1 Qb8 20. Qxb8 Rxb8 21. Rd7 Bd8 22. Bd3 Kf8 23. Be4 a5 24. f4 g6 25. g4 Ne8 26. f5 Be7 27. Bc3 exf5 28. gxf5 gxf5 29. Bxf5 h5 30. Kf2 Ng7 31. Be4 Ne6 32. Ke2 Ng5 33. Bf5 Ne6 34. Ra7 Nd8 35. Be4 Ne6 36. Bd5 Nd8 37. a4 Ne6 38. Bg2 Nd8 39. Be4 Ne6 40. Bd5 Nd8 41. Kd3 Ne6 42. Kc4 Bg5 43. e4 Bd8 44. Kb5 Nc7+ 45. Kc6 Ke8 46. Bd2 h4 47. Rxc7 1-0

[Event "EYCC 2017"]
[Site "Mamaia"]
[Date "2017.09.05"]
[Round "1"]
[White "Peycheva, Gergana"]
[Black "Sosnina, Ekaterina"]
[Result "0-1"]
[WhiteElo "2187"]
[BlackElo "1732"]
[Annotator "TA"]
[PlyCount "170"]
[EventDate "2017.??.??"]
[EventType "swiss"]
[EventCountry "ROU"]
[SourceTitle "playchess.com"]
[Source "ChessBase"]
[SourceQuality "1"]

1. d4 Nf6 2. c4 d6 3. Nc3 e5 4. d5 Be7 5. e4 O-O 6. Nf3 Bg4 7. h3 Bxf3 8. Qxf3 Nfd7 9. Bd3 Bg5 10. O-O a5 11. Qe2 Bxc1 12. Raxc1 Qg5 13. g3 Na6 14. Kh2 Nac5 15. Bb1 Qh6 16. f4 exf4 17. gxf4 Rae8 18. Qf3 f5 19. exf5 Re7 20. Rce1 Rfe8 21. Rxe7 Rxe7 22. Nb5 Nf6 23. Nd4 Re3 24. Qg2 Nce4 25. Bxe4 Nxe4 26. Rf3 Re1 27. Ne6 Rd1 28. Re3 Nd2 29. Ng5 Qh5 30. Qe2 Nf1+ 31. Kg2 Rd2 32. Kxf1 Rxe2 33. Rxe2 h6 34. Ne6 Qxh3+ 35. Rg2 c6 36. Kf2 Qxf5 37. Rxg7+ Kh8 38. Rd7 cxd5 39. cxd5 Qxd5 40. Rd8+ Kh7 41. Rd7+ Kg8 42. Nc7 Qc6 43. Ne8 Qc5+ 44. Kg2 Qd5+ 45. Kg3 Qe6 46. Rd8 Kh7 47. Rd7+ Kg8 48. Rd8 Qe7 49. Rb8 Qe3+ 50. Kg4 Qe2+ 51. Kf5 Qc2+ 52. Kf6 Qxb2+ 53. Kg6 Qc2+ 54. f5 Qg2+ 55. Kf6 Qg5+ 56. Ke6 Qe3+ 57. Kf6 Qe5+ 58. Kg6 Qg3+ 59. Kf6 Qh4+ 60. Ke6 Qe4+ 61. Kf6 Qe5+ 62. Kg6 Qg3+ 63. Kf6 Qh4+ 64. Ke6 Qc4+ 65. Ke7 Qf7+ 66. Kxd6 Qxf5 67. Nc7+ Kf7 68. Rxb7 Qf6+ 69. Ne6+ Kg6 70. Rb5 h5 71. Rxa5 h4 72. Ra3 Kf7 73. Rf3 h3 74. Kd7 h2 75. Ng5+ Kg6 76. Rxf6+ Kxf6 77. Ne4+ Kf5 78. Nf2 Kf4 79. a4 Kf3 80. Nh1 Kg2 81. a5 Kxh1 82. a6 Kg1 83. a7 h1=Q 84. Kc7 Qa8 85. Kb6 Kf2 0-1

[Event "EYCC 2017"]
[Site "Mamaia"]
[Date "2017.09.05"]
[Round "1"]
[White "Jafarli, Babak"]
[Black "Van Foreest, Lucas"]
[Result "0-1"]
[WhiteElo "2177"]
[BlackElo "2467"]
[Annotator "TA"]
[PlyCount "76"]
[EventDate "2017.??.??"]
[EventType "swiss"]
[EventCountry "ROU"]
[SourceTitle "playchess.com"]
[Source "ChessBase"]
[SourceQuality "1"]

1. e4 c6 2. d4 d5 3. Nc3 dxe4 4. Nxe4 Nf6 5. Nxf6+ exf6 6. Nf3 Bd6 7. Be3 O-O 8. Qd2 Nd7 9. Bd3 b5 10. a4 bxa4 11. O-O Nb6 12. c4 Bc7 13. Qc2 g6 14. c5 Nd5 15. Qxa4 Bg4 16. Qxc6 Rc8 17. Qa4 Bxf3 18. gxf3 f5 19. Rfe1 Qh4 20. Bc4 Nxe3 21. Rxe3 Bf4 22. Raa3 Qh3 23. Qc2 Bxh2+ 24. Kh1 Bf4+ 25. Kg1 Bh2+ 26. Kh1 Bf4+ 27. Kg1 Rce8 28. Qd2 Bh2+ 29. Kh1 Bf4+ 30. Kg1 Qh2+ 31. Kf1 Bxe3 32. Rxe3 f4 33. Re5 Qh3+ 34. Ke2 Qf5 35. Qc3 Rxe5+ 36. dxe5 Re8 37. e6 Qxc5 38. Kf1 Rxe6 0-1

[Event "EYCC 2017"]
[Site "Mamaia"]
[Date "2017.09.05"]
[Round "1"]
[White "Kanakova, Natalie"]
[Black "Nass, Sara"]
[Result "1-0"]
[WhiteElo "2176"]
[BlackElo "1804"]
[Annotator "TA"]
[PlyCount "83"]
[EventDate "2017.??.??"]
[EventType "swiss"]
[EventCountry "ROU"]
[SourceTitle "playchess.com"]
[Source "ChessBase"]
[SourceQuality "1"]

1. e4 c5 2. Nf3 Nc6 3. d4 cxd4 4. Nxd4 Nf6 5. Nc3 e5 6. Ndb5 h6 7. Nd6+ Bxd6 8. Qxd6 Qe7 9. Qxe7+ Kxe7 10. Be3 d6 11. f3 Be6 12. O-O-O Rhd8 13. Nd5+ Bxd5 14. exd5 Nb4 15. Bc4 Rdc8 16. Bb3 a5 17. Bd2 a4 18. Bxb4 axb3 19. axb3 Nxd5 20. Ba3 b5 21. Rxd5 b4 22. Rhd1 bxa3 23. bxa3 Rxa3 24. Kb2 Ra6 25. c4 f6 26. Rb5 Rc7 27. Rd2 Ke6 28. Kc3 h5 29. h4 Ra1 30. Rb6 Rd7 31. b4 Rc1+ 32. Kb3 Ke7 33. b5 Rh1 34. Rb8 Rb1+ 35. Kc2 Rh1 36. b6 Rd8 37. Rxd8 Kxd8 38. Rxd6+ Kc8 39. c5 Rxh4 40. Kc3 Rh2 41. c6 Rh1 42. b7+ 1-0

[Event "EYCC 2017"]
[Site "Mamaia"]
[Date "2017.09.05"]
[Round "1"]
[White "Ciorica, Mihai-Vlad"]
[Black "Kevlishvili, Robby"]
[Result "1/2-1/2"]
[WhiteElo "2172"]
[BlackElo "2450"]
[Annotator "TA"]
[PlyCount "120"]
[EventDate "2017.??.??"]
[EventType "swiss"]
[EventCountry "ROU"]
[SourceTitle "playchess.com"]
[Source "ChessBase"]
[SourceQuality "1"]

1. d4 d5 2. c4 c6 3. Nc3 Nf6 4. Nf3 e6 5. e3 Nbd7 6. b3 Bb4 7. Bd2 O-O 8. Bd3 b6 9. O-O Bb7 10. Nxd5 Bxd2 11. Nxf6+ Nxf6 12. Qxd2 c5 13. Ne5 Qc7 14. Rfd1 Rad8 15. Qb2 cxd4 16. exd4 Nh5 17. Qc2 g6 18. Be4 f6 19. Nf3 Bc8 20. Ne1 g5 21. g3 g4 22. f4 gxf3 23. Bxf3 Ng7 24. Ng2 Nf5 25. d5 e5 26. b4 Nd4 27. Rxd4 exd4 28. c5 bxc5 29. bxc5 d3 30. Qc4 Qa5 31. d6+ Kh8 32. Rd1 Ba6 33. Qd4 Rb8 34. Nf4 Qxa2 35. Nxd3 Rb1 36. Nb4 Qc4 37. Qxc4 Rxd1+ 38. Bxd1 Bxc4 39. c6 Bb5 40. Bf3 f5 41. Nc2 Rf6 42. d7 Rd6 43. Na3 Ba4 44. Nc4 Rd4 45. Ne5 Kg7 46. Kf2 Bxc6 47. Bxc6 Kf6 48. Nc4 Ke7 49. Na5 f4 50. Nb7 fxg3+ 51. hxg3 Rxd7 52. Bxd7 Kxd7 53. Na5 Ke6 54. Kf3 Kf5 55. Nc4 Kg5 56. Na5 Kf5 57. Nb7 Kg5 58. Nc5 a5 59. g4 a4 60. Ne4+ Kg6 1/2-1/2

[Event "EYCC 2017"]
[Site "Mamaia"]
[Date "2017.09.05"]
[Round "1"]
[White "Vasiesiu, Victor"]
[Black "Morozov, Nichita"]
[Result "0-1"]
[WhiteElo "2169"]
[BlackElo "2458"]
[Annotator "TA"]
[PlyCount "122"]
[EventDate "2017.??.??"]
[EventType "swiss"]
[EventCountry "ROU"]
[SourceTitle "playchess.com"]
[Source "ChessBase"]
[SourceQuality "1"]

1. e4 c6 2. d4 d5 3. e5 Bf5 4. h4 h6 5. g4 Bd7 6. Nc3 Qc8 7. Be2 e6 8. Be3 c5 9. dxc5 Bxc5 10. Qd2 h5 11. gxh5 Nh6 12. Bxc5 Qxc5 13. O-O-O Nc6 14. Ne4 dxe4 15. Qxd7+ Kf8 16. Rh3 Qe7 17. Rb3 Nxe5 18. Qxb7 Qxb7 19. Rxb7 Nf5 20. Rc7 Nxh4 21. Nh3 Nhf3 22. Nf4 Rh6 23. Ba6 Rf6 24. Nh3 Rh6 25. Nf4 Ng5 26. Rc5 Nef3 27. Ra5 Rf6 28. Ne2 Nh3 29. Bb7 Rb8 30. Rxa7 Nxf2 31. Rd7 Rf5 32. b3 Rxh5 33. Ng3 Rh4 34. Nxe4 Nxe4 35. Bxe4 Ne5 36. Rdb7 Rd8 37. Bd3 g5 38. Ra5 Nxd3+ 39. cxd3 g4 40. Ra4 Rxd3 41. Rf4 f5 42. Rc4 Rd8 43. Rcc7 Kg8 44. Rg7+ Kh8 45. Rbe7 f4 46. Rg5 f3 47. Rf7 Rg8 48. Rxg8+ Kxg8 49. Rf4 e5 50. Rf5 Kg7 51. a4 Rh5 52. Rxh5 f2 53. Rf5 g3 54. Kd2 g2 55. Ke2 g1=Q 56. Rxf2 Qb1 57. Rf3 Qc2+ 58. Ke3 Qxb3+ 59. Ke4 Qb7+ 60. Ke3 Qb4 61. Rf5 Qd4+ 0-1

[Event "EYCC 2017"]
[Site "Mamaia"]
[Date "2017.09.05"]
[Round "1"]
[White "Calin, Alexandru"]
[Black "Sargsyan, Shant"]
[Result "1/2-1/2"]
[WhiteElo "2161"]
[BlackElo "2416"]
[Annotator "TA"]
[PlyCount "94"]
[EventDate "2017.??.??"]
[EventType "swiss"]
[EventCountry "ROU"]
[SourceTitle "playchess.com"]
[Source "ChessBase"]
[SourceQuality "1"]

1. d4 Nf6 2. Nf3 d5 3. c4 e6 4. g3 Bb4+ 5. Bd2 Bd6 6. Bg2 c6 7. O-O Nbd7 8. Qc2 O-O 9. Rd1 Ne4 10. Bf4 Bxf4 11. gxf4 f5 12. Nbd2 Rf6 13. Ne5 Rh6 14. Ndf3 Ndf6 15. Ng5 Rh5 16. Ngf7 Qe7 17. f3 Nd6 18. Nxd6 Qxd6 19. c5 Qe7 20. e3 Bd7 21. Kh1 Kh8 22. Rg1 Rg8 23. Bf1 Be8 24. Bd3 Nd7 25. Nxd7 Qxd7 26. Rg3 Rh6 27. Qg2 Rg6 28. Rg5 Rf8 29. Rg1 Rff6 30. Qg3 h6 31. Qh4 b6 32. Rxg6 Bxg6 33. b4 Qb7 34. Rb1 b5 35. Qf2 Bh5 36. Be2 Qa6 37. Bd1 Qa3 38. Qd2 Rg6 39. Be2 Kh7 40. Rb3 Qa6 41. Rb1 Qc8 42. Rg1 Rxg1+ 43. Kxg1 Qd8 44. Qe1 Qe7 45. Bd1 a6 46. Qg3 Qd8 47. a4 Qe7 1/2-1/2

[Event "EYCC 2017"]
[Site "Mamaia"]
[Date "2017.09.05"]
[Round "1"]
[White "Ponomarev, Grigori"]
[Black "Schouten, Mathias Lind"]
[Result "1-0"]
[WhiteElo "2155"]
[BlackElo "1653"]
[Annotator "TA"]
[PlyCount "113"]
[EventDate "2017.??.??"]
[EventType "swiss"]
[EventCountry "ROU"]
[SourceTitle "playchess.com"]
[Source "ChessBase"]
[SourceQuality "1"]

1. e4 e5 2. Nf3 Nc6 3. Bc4 Nf6 4. d3 Bc5 5. O-O O-O 6. c3 d6 7. Re1 Bg4 8. h3 Bh5 9. Nbd2 a5 10. Nf1 Re8 11. Ng3 Bg6 12. Bg5 Ba7 13. h4 h6 14. h5 Bh7 15. Bh4 Qe7 16. Nh2 Nb8 17. Qf3 Nbd7 18. Ng4 c6 19. Nf5 Bxf5 20. Qxf5 b5 21. Bb3 a4 22. Nxf6+ Nxf6 23. Bxf6 Qxf6 24. Qxf6 gxf6 25. Bd1 Kf8 26. Be2 Ke7 27. Rad1 Rad8 28. d4 exd4 29. cxd4 d5 30. exd5 Kd6 31. dxc6 Kxc6 32. d5+ Kb6 33. Bf3 Re5 34. Rxe5 fxe5 35. Rc1 Rd6 36. g4 Rf6 37. Kg2 Ka5 38. Rc2 Bd4 39. Be4 Kb6 40. f3 Bc5 41. b3 a3 42. Rc1 b4 43. Kf1 Kb5 44. Ke2 Kb6 45. Rh1 Bf8 46. Kd3 Rd6 47. Rc1 Kb7 48. Rc4 Rb6 49. Bf5 Bg7 50. Rc8 Ka6 51. Rg8 Bf6 52. Rf8 Kb5 53. Rxf7 Kc5 54. Ke4 Rd6 55. Be6 Rd8 56. Rxf6 Rd7 57. g5 1-0

[Event "EYCC 2017"]
[Site "Mamaia"]
[Date "2017.09.05"]
[Round "1"]
[White "Morgunov, Marc"]
[Black "Arakelian, Aik"]
[Result "0-1"]
[WhiteElo "2130"]
[BlackElo "1762"]
[Annotator "TA"]
[PlyCount "76"]
[EventDate "2017.??.??"]
[EventType "swiss"]
[EventCountry "ROU"]
[SourceTitle "playchess.com"]
[Source "ChessBase"]
[SourceQuality "1"]

1. e4 c5 2. Nc3 d6 3. f4 Nc6 4. Nf3 g6 5. Bb5 Bg7 6. Bxc6+ bxc6 7. d3 Nh6 8. O-O O-O 9. h3 f5 10. Be3 Rb8 11. Rb1 e6 12. e5 Nf7 13. Re1 dxe5 14. Bxc5 exf4 15. Bxf8 Qxf8 16. d4 g5 17. Na4 Qd6 18. c3 g4 19. Nd2 f3 20. hxg4 fxg4 21. Ne4 Qf4 22. Qd2 Qf5 23. Nac5 h5 24. Rf1 e5 25. d5 Bh6 26. Qd3 cxd5 27. Qxd5 Be3+ 28. Kh1 h4 29. Nd6 Qg6 30. Nxf7 Qxf7 31. Qxe5 Bf4 32. Qd4 fxg2+ 33. Kxg2 h3+ 34. Kg1 h2+ 35. Kg2 Bb7+ 36. Nxb7 Qxb7+ 37. Kf2 Qf3+ 38. Ke1 Re8+ 0-1

[Event "EYCC 2017"]
[Site "Mamaia"]
[Date "2017.09.05"]
[Round "1"]
[White "Giesinger, Elias"]
[Black "Vrolijk, Liam"]
[Result "0-1"]
[WhiteElo "2115"]
[BlackElo "2423"]
[Annotator "TA"]
[PlyCount "106"]
[EventDate "2017.??.??"]
[EventType "swiss"]
[EventCountry "ROU"]
[SourceTitle "playchess.com"]
[Source "ChessBase"]
[SourceQuality "1"]

1. d4 Nf6 2. c4 e6 3. Nf3 b6 4. a3 Bb7 5. Nc3 d5 6. cxd5 Nxd5 7. e3 g6 8. h4 Bg7 9. Bb5+ c6 10. Bd3 Nd7 11. h5 Nxc3 12. bxc3 c5 13. a4 e5 14. Bc4 e4 15. Ng1 Rc8 16. Qb3 O-O 17. hxg6 hxg6 18. Ba3 Nb8 19. Rc1 Nc6 20. Qd1 Na5 21. Ba2 Bd5 22. c4 Be6 23. d5 Bd7 24. Ne2 Qg5 25. Nf4 Be5 26. g3 Bg4 27. Qc2 Bf3 28. Rh2 Qf6 29. Rb1 Bc3+ 30. Kf1 Kg7 31. Qxc3 Qxc3 32. Bb2 Qxb2 33. Rxb2 Rh8 34. Rxh8 Rxh8 35. Ke1 Rh1+ 36. Kd2 g5 37. Ne2 Rf1 38. Nc3 Rxf2+ 39. Kc1 Rf1+ 40. Kc2 Rf2+ 41. Kc1 Rxb2 42. Kxb2 Nb7 43. Nb5 a5 44. Kc2 Bg4 45. Kd2 Bd7 46. Nc3 Nd6 47. Bb3 Kf6 48. Ke2 Ke5 49. Kf2 f5 50. Ne2 Bc8 51. g4 f4 52. exf4+ gxf4 53. g5 Bf5 0-1

[Event "EYCC 2017"]
[Site "Mamaia"]
[Date "2017.09.05"]
[Round "1"]
[White "Srdanovic, Jovana"]
[Black "Kostina, Veronika"]
[Result "1-0"]
[WhiteElo "2105"]
[BlackElo "1687"]
[Annotator "TA"]
[PlyCount "117"]
[EventDate "2017.??.??"]
[EventType "swiss"]
[EventCountry "ROU"]
[SourceTitle "playchess.com"]
[Source "ChessBase"]
[SourceQuality "1"]

1. d4 d5 2. Bf4 Nf6 3. e3 e6 4. Nd2 c5 5. c3 Nc6 6. Bd3 Be7 7. Ngf3 cxd4 8. exd4 Nh5 9. Be5 f6 10. Bg3 Nxg3 11. hxg3 f5 12. Qe2 O-O 13. Ne5 Nxe5 14. Qxe5 Bf6 15. Qe2 g6 16. O-O-O Qa5 17. Kb1 Rb8 18. Nb3 Qc7 19. f4 a5 20. Nc5 Qd6 21. Bb5 b6 22. Nd3 Bd7 23. Bxd7 Qxd7 24. g4 Rfe8 25. gxf5 exf5 26. Ne5 Bxe5 27. dxe5 b5 28. Rh3 Red8 29. Rhd3 b4 30. c4 d4 31. Qd2 Qc6 32. Rxd4 Rxd4 33. Qxd4 Qxg2 34. Qd5+ Qxd5 35. cxd5 Kf7 36. Kc2 h5 37. Kb3 h4 38. Rh1 Rh8 39. Rh3 Rd8 40. Kc4 Rc8+ 41. Kd3 Rd8 42. Kd4 Rh8 43. Kc5 Rc8+ 44. Kd6 Rd8+ 45. Kc6 Ke7 46. Rxh4 Rc8+ 47. Kb5 Rc2 48. Rh7+ Kd8 49. d6 Rd2 50. Rg7 Ke8 51. Rxg6 Rxb2 52. e6 Kf8 53. e7+ Kf7 54. Rf6+ Kxf6 55. e8=Q Rd2 56. d7 Rd5+ 57. Kc4 Rd1 58. d8=Q+ Rxd8 59. Qxd8+ 1-0

[Event "EYCC 2017"]
[Site "Mamaia"]
[Date "2017.09.05"]
[Round "1"]
[White "Barseghyan, Armen Ar"]
[Black "Gharibyan, Mamikon"]
[Result "0-1"]
[WhiteElo "2020"]
[BlackElo "2365"]
[Annotator "TA"]
[PlyCount "66"]
[EventDate "2017.??.??"]
[EventType "swiss"]
[EventCountry "ROU"]
[SourceTitle "playchess.com"]
[Source "ChessBase"]
[SourceQuality "1"]

1. e4 c5 2. d3 Nc6 3. f4 g6 4. Nf3 Bg7 5. g3 d6 6. Bg2 Bg4 7. h3 Bxf3 8. Bxf3 Qd7 9. Bg2 e6 10. O-O Nge7 11. c3 O-O 12. Be3 Rab8 13. d4 cxd4 14. cxd4 Qc7 15. Qd2 d5 16. e5 b5 17. Nc3 Rfc8 18. Rfc1 Qb6 19. Ne2 a5 20. b3 a4 21. g4 f5 22. exf6 Bxf6 23. Rd1 Qa5 24. f5 Qxd2 25. Rxd2 gxf5 26. g5 Bg7 27. Bf4 Ra8 28. Rc1 axb3 29. axb3 Kf7 30. Bd6 Nxd4 31. Rxc8 Nxc8 32. Nxd4 Nxd6 33. Nxe6 Ra1+ 0-1